<?xml version="1.0" encoding="UTF-8"?>
<collection xmlns="http://www.loc.gov/MARC21/slim">
 <record>
  <leader>01911nam a22002897a 4500</leader>
  <controlfield tag="001">NCT_62511</controlfield>
  <controlfield tag="008">190409b        xxu||||| |||| 00| 0 vie d</controlfield>
  <datafield tag="999" ind1=" " ind2=" ">
   <subfield code="c">3026</subfield>
   <subfield code="d">3026</subfield>
  </datafield>
  <datafield tag="020" ind1=" " ind2=" ">
   <subfield code="a">9786040038920</subfield>
   <subfield code="c">62000</subfield>
  </datafield>
  <datafield tag="082" ind1="0" ind2="4">
   <subfield code="2">23rd ed.</subfield>
   <subfield code="a">570</subfield>
   <subfield code="b">Th500</subfield>
  </datafield>
  <datafield tag="100" ind1="1" ind2=" ">
   <subfield code="a">Cao Văn Thu</subfield>
   <subfield code="e">Chủ biên</subfield>
  </datafield>
  <datafield tag="245" ind1="1" ind2="0">
   <subfield code="a">Sinh học đại cương :</subfield>
   <subfield code="b">Dùng cho đào tạo dược sỹ đại học</subfield>
   <subfield code="c">Cao Văn Thu (chủ biên) ; Trần Trịnh Công, Đỗ Ngọc Quang,...(biên soạn)</subfield>
  </datafield>
  <datafield tag="250" ind1=" " ind2=" ">
   <subfield code="a">Tái bản lần thứ 3</subfield>
  </datafield>
  <datafield tag="260" ind1=" " ind2=" ">
   <subfield code="a">H.</subfield>
   <subfield code="b">Giáo dục Việt Nam</subfield>
   <subfield code="c">2015</subfield>
  </datafield>
  <datafield tag="300" ind1=" " ind2=" ">
   <subfield code="a">211 tr.</subfield>
   <subfield code="b">Hình vẽ</subfield>
   <subfield code="c">27cm</subfield>
  </datafield>
  <datafield tag="500" ind1=" " ind2=" ">
   <subfield code="a">ĐTTS ghi: Bộ Y tế</subfield>
  </datafield>
  <datafield tag="520" ind1="3" ind2=" ">
   <subfield code="a">Sách có 4 nội dung lớn: Tế bào, sự trao đổi chất và năng lượng, di truyền và biến dị, nguồn gốc sự sống và đa dạng sinh học.</subfield>
  </datafield>
  <datafield tag="653" ind1=" " ind2=" ">
   <subfield code="a">Dược học</subfield>
  </datafield>
  <datafield tag="700" ind1="1" ind2=" ">
   <subfield code="a">Trần Trịnh Công</subfield>
   <subfield code="e">Biên soạn</subfield>
  </datafield>
  <datafield tag="700" ind1="1" ind2=" ">
   <subfield code="a">Đỗ Ngọc Quang</subfield>
   <subfield code="e">Biên soạn</subfield>
  </datafield>
  <datafield tag="942" ind1=" " ind2=" ">
   <subfield code="2">ddc</subfield>
   <subfield code="c">BK</subfield>
  </datafield>
  <datafield tag="952" ind1=" " ind2=" ">
   <subfield code="0">0</subfield>
   <subfield code="1">0</subfield>
   <subfield code="2">ddc</subfield>
   <subfield code="4">0</subfield>
   <subfield code="6">570_000000000000000_TH500</subfield>
   <subfield code="7">0</subfield>
   <subfield code="9">16425</subfield>
   <subfield code="a">000001</subfield>
   <subfield code="b">000001</subfield>
   <subfield code="d">2019-04-09</subfield>
   <subfield code="l">2</subfield>
   <subfield code="m">1</subfield>
   <subfield code="o">570 Th500</subfield>
   <subfield code="p">MD.15085</subfield>
   <subfield code="r">2019-12-17</subfield>
   <subfield code="s">2019-12-03</subfield>
   <subfield code="v">62000.00</subfield>
   <subfield code="w">2019-04-09</subfield>
   <subfield code="y">BK</subfield>
  </datafield>
  <datafield tag="952" ind1=" " ind2=" ">
   <subfield code="0">0</subfield>
   <subfield code="1">0</subfield>
   <subfield code="2">ddc</subfield>
   <subfield code="4">0</subfield>
   <subfield code="6">570_000000000000000_TH500</subfield>
   <subfield code="7">0</subfield>
   <subfield code="9">16426</subfield>
   <subfield code="a">000001</subfield>
   <subfield code="b">000001</subfield>
   <subfield code="d">2019-04-09</subfield>
   <subfield code="l">1</subfield>
   <subfield code="o">570 Th500</subfield>
   <subfield code="p">MD.15086</subfield>
   <subfield code="r">2020-12-09</subfield>
   <subfield code="s">2020-11-25</subfield>
   <subfield code="v">62000.00</subfield>
   <subfield code="w">2019-04-09</subfield>
   <subfield code="y">BK</subfield>
  </datafield>
  <datafield tag="952" ind1=" " ind2=" ">
   <subfield code="0">0</subfield>
   <subfield code="1">0</subfield>
   <subfield code="2">ddc</subfield>
   <subfield code="4">0</subfield>
   <subfield code="6">570_000000000000000_TH500</subfield>
   <subfield code="7">0</subfield>
   <subfield code="9">16427</subfield>
   <subfield code="a">000001</subfield>
   <subfield code="b">000001</subfield>
   <subfield code="d">2019-04-09</subfield>
   <subfield code="l">3</subfield>
   <subfield code="o">570 Th500</subfield>
   <subfield code="p">MD.15087</subfield>
   <subfield code="r">2021-01-26</subfield>
   <subfield code="s">2021-01-12</subfield>
   <subfield code="v">62000.00</subfield>
   <subfield code="w">2019-04-09</subfield>
   <subfield code="y">BK</subfield>
  </datafield>
  <datafield tag="952" ind1=" " ind2=" ">
   <subfield code="0">0</subfield>
   <subfield code="1">0</subfield>
   <subfield code="2">ddc</subfield>
   <subfield code="4">0</subfield>
   <subfield code="6">570_000000000000000_TH500</subfield>
   <subfield code="7">0</subfield>
   <subfield code="9">16428</subfield>
   <subfield code="a">000001</subfield>
   <subfield code="b">000001</subfield>
   <subfield code="d">2019-04-09</subfield>
   <subfield code="o">570 Th500</subfield>
   <subfield code="p">MD.15088</subfield>
   <subfield code="r">2019-04-09</subfield>
   <subfield code="v">62000.00</subfield>
   <subfield code="w">2019-04-09</subfield>
   <subfield code="y">BK</subfield>
  </datafield>
  <datafield tag="952" ind1=" " ind2=" ">
   <subfield code="0">0</subfield>
   <subfield code="1">0</subfield>
   <subfield code="2">ddc</subfield>
   <subfield code="4">0</subfield>
   <subfield code="6">570_000000000000000_TH500</subfield>
   <subfield code="7">0</subfield>
   <subfield code="9">16429</subfield>
   <subfield code="a">000001</subfield>
   <subfield code="b">000001</subfield>
   <subfield code="d">2019-04-09</subfield>
   <subfield code="l">1</subfield>
   <subfield code="o">570 Th500</subfield>
   <subfield code="p">MD.15089</subfield>
   <subfield code="r">2020-11-28</subfield>
   <subfield code="s">2019-11-05</subfield>
   <subfield code="v">62000.00</subfield>
   <subfield code="w">2019-04-09</subfield>
   <subfield code="y">BK</subfield>
  </datafield>
  <datafield tag="980" ind1=" " ind2=" ">
   <subfield code="a">Thư viện Trường Đại học Nam Cần Thơ</subfield>
  </datafield>
 </record>
</collection>
